| Tag |
First Indicator |
Second Indicator |
Subfields |
| LEADER |
00000cam a2200000Ia 4500 |
| 001 |
in00001657621 |
| 005 |
20151023123447.0 |
| 008 |
010607s2000 txub b 000 0 eng d |
| 035 |
|
|
|a (OCoLC)ocm47089506
|
| 040 |
|
|
|a TXJ
|c TXJ
|d TXA
|d UtOrBLW
|
| 043 |
|
|
|a n-us-tx
|
| 049 |
|
|
|a TXAM
|
| 086 |
0 |
|
|a A1900.7 P422 NO.2441
|2 txdocs
|
| 090 |
|
|
|a F392.H38
|b T44 2000
|
| 100 |
1 |
|
|a Terneny, Tiffany.
|
| 245 |
1 |
0 |
|a Cultural resource investigation of the proposed Kleb Woods Nature Preserve in Northwestern Harris County, Texas /
|c by Tiffany T. Terneny, principal investigator ; and Darren K. Schubert, project archeologist.
|
| 264 |
|
1 |
|a [Texas?] :
|b Moore Archeological Consulting, Inc.,
|c 2000.
|
| 300 |
|
|
|a iv, 22 leaves :
|b maps ;
|c 29 cm.
|
| 336 |
|
|
|a text
|b txt
|2 rdacontent
|
| 337 |
|
|
|a unmediated
|b n
|2 rdamedia
|
| 338 |
|
|
|a volume
|b nc
|2 rdacarrier
|
| 490 |
1 |
|
|a Report of investigations ;
|v no. 279
|
| 500 |
|
|
|a "MAC PN 99-90. Texas Antiquities Permit Number 2441. Prepared for SWA Group Inc. September 2000."
|
| 504 |
|
|
|a Includes bibliographical references (leaves 20-22).
|
| 651 |
|
0 |
|a Kleb Woods Nature Preserve site (Harris County, Tex.)
|
| 650 |
|
0 |
|a Archaeological surveying
|z Texas
|z Harris County.
|
| 650 |
|
0 |
|a Excavations (Archaeology)
|z Texas
|z Harris County.
|
| 700 |
1 |
|
|a Schubert, Darren K.
|
| 830 |
|
0 |
|a Report of investigations (Moore Archeological Consulting) ;
|v 279.
|
| 994 |
|
|
|a E0
|b TXA
|
| 999 |
|
|
|a MARS
|
| 999 |
f |
f |
|s 72e46e42-aec8-3c11-a533-df5d6013170f
|i 9368d554-5616-3992-910d-2838cda2e09a
|t 0
|
| 952 |
f |
f |
|p normal
|a Texas A&M University
|b College Station
|c Sterling C. Evans Library
|d Evans: Texas Documents (Annex 5th floor)
|t 0
|e A1900.7 P422 NO.2441
|h Superintendent of Documents classification
|i unmediated -- volume
|m A14827976279
|
| 998 |
f |
f |
|a A1900.7 P422 NO.2441
|t 0
|l Evans: Texas Documents (Annex 5th floor)
|